[Event "Seville op 49th"]
[Site "Seville"]
[Date "2024.01.18"]
[Round "7"]
[White "Marin, Mihail"]
[Black "Campora, Daniel Hugo"]
[Result "1/2-1/2"]
[WhiteElo "2449"]
[BlackElo "2360"]
[PlyCount "104"]
[EventDate "2024.01.12"]
[EventType "swiss"]
[EventRounds "9"]
[EventCountry "ESP"]
[SourceTitle "CB04_2024"]
[SourceDate "2023.10.16"]
[SourceVersion "1"]
[SourceVersionDate "2023.10.16"]
[SourceQuality "1"]

1. Nf3 d5 2. g3 Bg4 3. Bg2 Nd7 4. c4 e6 5. cxd5 exd5 6. 0-0 Ngf6 7. Nc3 c6 8. d3 Bc5 9. Qb3 Bb6 10. Na4 0-0 11. Nxb6 axb6 12. Qc2 b5 13. h3 Bxf3 14. Bxf3 Re8 15. Bd2 h6 16. a4 bxa4 17. Rxa4 Ne5 18. Bg2 Ned7 19. e3 Rxa4 20. Qxa4 Nc5 21. Qc2 Qb6 22. b4 Ne6 23. Ra1 Nd7 24. Ra5 Nc7 25. Qb2 Nf8 26. Qa1 Nb5 27. Ra8 Rxa8 28. Qxa8 Qa7 29. Qxa7 Nxa7 30. f4 Nb5 31. Kf2 Nd7 32. e4 d4 33. Bf3 Kf8 34. Bd1 Nb8 35. Bb3 Ke7 36. e5 f6 37. exf6+ Kxf6 38. g4 Nc3 39. Bxc3 dxc3 40. Ke3 Na6 41. Kd4 Nxb4 42. Kxc3 Na6 43. Kd4 b5 44. Bg8 c5+ 45. Ke4 Nb4 46. h4 g5 47. fxg5+ hxg5 48. h5 Nc6 49. h6 Kg6 50. h7 Kg7 51. Kd5 Nb4+ 52. Kxc5 Nxd3+ 1/2-1/2

[Event "Seville op 49th"]
[Site "Seville"]
[Date "2024.01.15"]
[Round "4"]
[White "Marin, Mihail"]
[Black "Butkiewicz, Lukasz"]
[Result "1-0"]
[WhiteElo "2449"]
[BlackElo "2338"]
[PlyCount "85"]
[EventDate "2024.01.12"]
[EventType "swiss"]
[EventRounds "9"]
[EventCountry "ESP"]
[SourceTitle "CB04_2024"]
[SourceDate "2023.10.16"]
[SourceVersion "1"]
[SourceVersionDate "2023.10.16"]
[SourceQuality "1"]

1. Nf3 Nf6 2. b3 g6 3. Bb2 Bg7 4. g3 0-0 5. Bg2 c5 6. c4 Nc6 7. 0-0 d6 8. Nc3 Bd7 9. d3 a6 10. Qd2 Rb8 11. Nd5 Ne8 12. Bxg7 Nxg7 13. d4 cxd4 14. Nxd4 Nxd4 15. Qxd4 Bc6 16. Rfd1 Re8 17. Rd2 Ne6 18. Qb2 Rc8 19. Rc1 a5 20. Bh3 Bd7 21. a3 Nc5 22. Bxd7 Nxd7 23. h4 h5 24. b4 axb4 25. axb4 Rc6 26. Qd4 Qc8 27. Rc3 Nf8 28. Kh2 Ne6 29. Qe4 b5 30. Rdc2 Rxc4 31. Rxc4 bxc4 32. Rxc4 Qb8 33. Qd3 Qb7 34. g4 hxg4 35. Rxg4 Ng7 36. b5 Rb8 37. b6 Kf8 38. Ra4 e6 39. Nf6 Ne8 40. Ra7 Nxf6 41. Qxd6+ Kg7 42. Rxb7 Rxb7 43. Qc7 1-0

[Event "Seville op 49th"]
[Site "Seville"]
[Date "2024.01.12"]
[Round "1"]
[White "Mariscal Olmedo, Francisco"]
[Black "Marin, Mihail"]
[Result "0-1"]
[WhiteElo "1735"]
[BlackElo "2449"]
[PlyCount "76"]
[EventDate "2024.01.12"]
[EventType "swiss"]
[EventRounds "9"]
[EventCountry "ESP"]
[SourceTitle "CB04_2024"]
[SourceDate "2023.10.16"]
[SourceVersion "1"]
[SourceVersionDate "2023.10.16"]
[SourceQuality "1"]

1. d4 e6 2. Nf3 f5 3. e3 Nf6 4. Bd3 b6 5. Qe2 Bb7 6. Nbd2 Ne4 7. 0-0 Bd6 8. Ne5 Bxe5 9. dxe5 Nc5 10. f4 Nxd3 11. cxd3 Nc6 12. a3 d6 13. d4 dxe5 14. fxe5 h5 15. Qc4 Ne7 16. Nf3 Bd5 17. Qa4+ Bc6 18. Qc2 Qd7 19. Bd2 h4 20. Rac1 h3 21. g3 0-0-0 22. Kf2 Be4 23. Qc4 Kb8 24. Ng5 Bd5 25. Qc2 Rh5 26. Nf3 g5 27. Qc3 Rc8 28. e4 Bxe4 29. Nxg5 Bb7 30. Qc4 Nd5 31. Ke1 Rg8 32. Nf3 Rg4 33. Kd1 Ne7 34. Bc3 Rh8 35. Kc2 Be4+ 36. Kd2 f4 37. Qe2 fxg3 38. hxg3 Bd5 0-1

[Event "Dresden Uhlmann Memorial"]
[Site "Dresden"]
[Date "2023.10.07"]
[Round "1"]
[White "Neef, Maximilian"]
[Black "Marin, Mihail"]
[Result "0-1"]
[WhiteElo "2480"]
[BlackElo "2437"]
[PlyCount "60"]
[EventDate "2023.10.07"]
[EventType "tourn"]
[EventRounds "9"]
[EventCountry "GER"]
[EventCategory "8"]
[SourceTitle "CB47_2023"]
[SourceDate "2023.11.22"]
[SourceVersion "1"]
[SourceVersionDate "2023.11.22"]
[SourceQuality "1"]

1. d4 e6 2. Nf3 f5 3. Bg5 Be7 4. h4 Nf6 5. Nc3 d5 6. e3 c5 7. Bd3 0-0 8. dxc5 Nbd7 9. Na4 Qa5+ 10. c3 b5 11. cxb6 axb6 12. b3 b5 13. Nb2 Qxc3+ 14. Qd2 Bb4 15. Ke2 Qxd2+ 16. Nxd2 Bc3 17. Rhb1 b4 18. Nf3 Nc5 19. Bxf6 Rxf6 20. Ne1 e5 21. Kd1 e4 22. Bb5 Ba6 23. Ba4 f4 24. exf4 Rxf4 25. f3 Rxh4 26. Kc2 Rh2 27. Bc6 Rd8 28. Rd1 Nd3 29. Nbxd3 exd3+ 30. Kb1 d2 0-1

[Event "San Cristobal op 5th"]
[Site "San Cristobal de La Laguna"]
[Date "2023.08.30"]
[Round "6"]
[White "Agafonov, Yuri"]
[Black "Marin, Mihail"]
[Result "1/2-1/2"]
[WhiteElo "2049"]
[BlackElo "2445"]
[PlyCount "95"]
[EventDate "2023.08.26"]
[EventType "swiss"]
[EventRounds "9"]
[EventCountry "ESP"]
[SourceTitle "EXT 2024"]
[Source "ChessBase"]
[SourceDate "2023.10.10"]
[SourceVersion "1"]
[SourceVersionDate "2023.10.10"]
[SourceQuality "1"]

1. Nf3 g6 2. d4 Bg7 3. e4 d6 4. Nc3 a6 5. a4 Nf6 6. h3 0-0 7. Be3 Nc6 8. Qd2 e5 9. dxe5 dxe5 10. Rd1 Qxd2+ 11. Rxd2 Re8 12. Be2 h6 13. g4 Nd4 14. 0-0 Nxe2+ 15. Rxe2 Bd7 16. Nd2 Bc6 17. f3 b5 18. Ra1 Bf8 19. Nb3 b4 20. Nd1 Nh7 21. Nf2 f5 22. Na5 Bd7 23. b3 f4 24. Bd2 Ng5 25. Kg2 Ne6 26. Be1 Nd4 27. Rd2 c5 28. Nd3 Re6 29. Bf2 Kf7 30. h4 Rb8 31. Rc1 Kg8 32. c3 bxc3 33. Rxc3 Be8 34. Nxc5 Bxc5 35. Rxc5 Nxb3 36. Nxb3 Rxb3 37. a5 Bb5 38. g5 hxg5 39. hxg5 Rd3 40. Rxd3 Bxd3 41. Be1 Bb5 42. Bc3 Rd6 43. Rc7 Rc6 44. Bxe5 Rxc7 45. Bxc7 Kf7 46. Bxf4 Be2 47. Kf2 Bd1 48. Ke3 1/2-1/2

[Event "San Cristobal op 5th"]
[Site "San Cristobal de La Laguna"]
[Date "2023.08.28"]
[Round "4"]
[White "Mendivil Anton, Daniel"]
[Black "Marin, Mihail"]
[Result "0-1"]
[WhiteElo "2180"]
[BlackElo "2445"]
[PlyCount "130"]
[EventDate "2023.08.26"]
[EventType "swiss"]
[EventRounds "9"]
[EventCountry "ESP"]
[SourceTitle "EXT 2024"]
[Source "ChessBase"]
[SourceDate "2023.10.10"]
[SourceVersion "1"]
[SourceVersionDate "2023.10.10"]
[SourceQuality "1"]

1. d4 e6 2. e4 d5 3. Nd2 c5 4. exd5 exd5 5. Ngf3 Nc6 6. Bb5 cxd4 7. 0-0 Bd6 8. Nb3 Nge7 9. Nbxd4 0-0 10. Bg5 Qc7 11. Re1 Ng6 12. Bf1 a6 13. h3 Bd7 14. c3 Rfe8 15. Rxe8+ Rxe8 16. Qb3 h6 17. Be3 Bf4 18. Nxc6 bxc6 19. Qb6 Qxb6 20. Bxb6 Rb8 21. Bd4 a5 22. c4 a4 23. cxd5 cxd5 24. g3 Bd6 25. a3 Nf8 26. Rd1 Bb5 27. Bc3 Bc6 28. Nd4 Bd7 29. Nc2 Be6 30. Rd4 Be5 31. Rb4 Rxb4 32. Nxb4 d4 33. Bd2 Nd7 34. Bb5 Nb6 35. Nc6 Bf6 36. h4 Bc4 37. Na7 d3 38. Bc6 Bxb2 39. Be3 Bb3 40. Bxb6 d2 41. Bf3 Bxa3 42. Nb5 Bb4 43. Nd4 d1Q+ 44. Bxd1 Bxd1 45. Nc6 Bc3 46. Ne7+ Kh7 47. Nd5 Bb2 48. Bc5 a3 49. Nb4 Bb3 50. Kf1 a2 51. Nxa2 Bxa2 52. Ke2 Kg6 53. Kf3 Kf5 54. Bf8 Bd5+ 55. Ke3 Kg4 56. Bc5 Bc6 57. Bb6 h5 58. Bc5 f6 59. Bd6 Bc1+ 60. Ke2 g5 61. hxg5 fxg5 62. Kf1 h4 63. Kg1 Kf3 64. Bc7 Bd2 65. Be5 Be1 0-1

[Event "ROM-chT"]
[Site "Oradea"]
[Date "2022.09.26"]
[Round "6.2"]
[White "Marin, Mihail"]
[Black "Pranav, Vijay"]
[Result "1/2-1/2"]
[WhiteElo "2457"]
[BlackElo "2530"]
[PlyCount "45"]
[EventDate "2022.09.21"]
[EventType "team-tourn"]
[EventRounds "9"]
[EventCountry "ROU"]
[SourceTitle "EXT 2024"]
[Source "ChessBase"]
[SourceDate "2023.10.10"]
[SourceVersion "1"]
[SourceVersionDate "2023.10.10"]
[SourceQuality "1"]
[WhiteTeam "Timisoara Vest Univ"]
[BlackTeam "Baia Mare Municipiului"]
[WhiteTeamCountry "ROU"]
[BlackTeamCountry "ROU"]

1. Nf3 Nf6 2. g3 d5 3. Bg2 c6 4. 0-0 Bg4 5. c4 Nbd7 6. cxd5 cxd5 7. Qb3 Qb6 8. Qxb6 axb6 9. Nc3 e6 10. h3 Bxf3 11. Bxf3 Nc5 12. Rd1 Kd7 13. d4 Nb3 14. Rb1 Nxc1 15. Rdxc1 Bb4 16. Nb5 Rhc8 17. a3 Bd2 18. Rxc8 Rxc8 19. e3 Rc1+ 20. Rxc1 Bxc1 21. b3 Ne8 22. Kf1 Nc7 23. Nxc7 1/2-1/2

[Event "ROM-chT"]
[Site "Oradea"]
[Date "2022.09.25"]
[Round "5.4"]
[White "Deac, Bogdan Daniel"]
[Black "Marin, Mihail"]
[Result "0-1"]
[WhiteElo "2710"]
[BlackElo "2457"]
[PlyCount "110"]
[EventDate "2022.09.21"]
[EventType "team-tourn"]
[EventRounds "9"]
[EventCountry "ROU"]
[SourceTitle "EXT 2024"]
[Source "ChessBase"]
[SourceDate "2023.10.10"]
[SourceVersion "1"]
[SourceVersionDate "2023.10.10"]
[SourceQuality "1"]
[WhiteTeam "Iasi Politehnica"]
[BlackTeam "Timisoara Vest Univ"]
[WhiteTeamCountry "ROU"]
[BlackTeamCountry "ROU"]

1. d4 g6 2. e4 Bg7 3. c4 d6 4. h4 Nf6 5. Nc3 0-0 6. Be2 c5 7. d5 e6 8. h5 exd5 9. exd5 Qe7 10. h6 Bh8 11. Bg5 a6 12. a4 Qc7 13. Rh4 Ne8 14. Qd2 f6 15. Be3 f5 16. Nh3 Nd7 17. Kf1 Ne5 18. Re1 Bf6 19. Ng5 Nf7 20. f4 b6 21. Bf3 Nxg5 22. fxg5 Be5 23. Ne2 Qd8 24. Rh1 Ra7 25. b4 a5 26. bxc5 bxc5 27. Nf4 Qxg5 28. Nd3 f4 29. Bxc5 dxc5 30. Rxe5 Qf6 31. Re1 Nd6 32. Qf2 Rc7 33. Nxc5 Nxc4 34. Ne4 Qe5 35. Kg1 Ne3 36. Rxe3 fxe3 37. Qxe3 Bf5 38. Rh4 Rfc8 39. d6 Rc1+ 40. Kf2 R1c2+ 41. Kg1 Rc1+ 42. Kf2 R1c2+ 43. Kg1 Rb8 44. Qe1 g5 45. Rh5 Bxe4 46. Bxe4 Qc5+ 47. Kh2 Qxd6+ 48. Kh1 Rc5 49. g3 Re5 50. Qa1 Rd8 51. Bf3 Qf6 52. Qc3 Re1+ 53. Qxe1 Qxf3+ 54. Kg1 Rd1 55. Rxg5+ Kh8 0-1

[Event "ROM-chT"]
[Site "Oradea"]
[Date "2022.09.23"]
[Round "3.3"]
[White "Sumets, Andrey"]
[Black "Marin, Mihail"]
[Result "1-0"]
[WhiteElo "2513"]
[BlackElo "2457"]
[PlyCount "75"]
[EventDate "2022.09.21"]
[EventType "team-tourn"]
[EventRounds "9"]
[EventCountry "ROU"]
[SourceTitle "EXT 2024"]
[Source "ChessBase"]
[SourceDate "2023.10.10"]
[SourceVersion "1"]
[SourceVersionDate "2023.10.10"]
[SourceQuality "1"]
[WhiteTeam "Craiova Oltenia"]
[BlackTeam "Timisoara Vest Univ"]
[WhiteTeamCountry "ROU"]
[BlackTeamCountry "ROU"]

1. d4 g6 2. e4 Bg7 3. Nf3 d6 4. Bc4 c5 5. dxc5 Qa5+ 6. c3 Qxc5 7. Qb3 e6 8. Be3 Qc7 9. Na3 a6 10. 0-0-0 Nc6 11. Qb6 Qxb6 12. Bxb6 Nf6 13. Rhe1 Ke7 14. Bb3 Ne8 15. Nc4 a5 16. Ba4 f5 17. Bxc6 bxc6 18. Nxd6 Nxd6 19. Bc5 Rd8 20. e5 h6 21. exd6+ Kf7 22. Bb6 Rd7 23. Ne5+ Bxe5 24. Rxe5 a4 25. Bc7 Kf6 26. Rc5 Ra6 27. Rd4 e5 28. Rdc4 Ke6 29. Rxc6 Rxc6 30. Rxc6 Bb7 31. Rc4 Bxg2 32. Rxa4 f4 33. Kd2 Kf5 34. c4 Kg4 35. c5 g5 36. b4 Kh3 37. b5 Kxh2 38. c6 1-0

[Event "ROM-chT"]
[Site "Mamaia"]
[Date "2021.10.07"]
[Round "7.1"]
[White "Banzea, Alexandru Bogdan"]
[Black "Marin, Mihail"]
[Result "1/2-1/2"]
[WhiteElo "2382"]
[BlackElo "2493"]
[PlyCount "30"]
[EventDate "2021.10.02"]
[EventType "team-tourn"]
[EventRounds "11"]
[EventCountry "ROU"]
[SourceTitle "CBM 204 Extra"]
[Source "ChessBase"]
[SourceDate "2021.11.30"]
[SourceVersion "1"]
[SourceVersionDate "2021.11.30"]
[SourceQuality "1"]
[WhiteTeam "Galati Smart"]
[BlackTeam "Timisoara Vest Univ"]
[WhiteTeamCountry "ROU"]
[BlackTeamCountry "ROU"]

1. e4 e5 2. Nf3 Nc6 3. Nc3 Nf6 4. d4 exd4 5. Nxd4 Bb4 6. Nxc6 bxc6 7. Bd3 d5 8. exd5 cxd5 9. 0-0 0-0 10. h3 c6 11. Qf3 Re8 12. Bf4 Bd6 13. Rfe1 Be6 14. Rad1 Qc7 15. Ne2 Rab8 1/2-1/2

[Event "ROM-chT"]
[Site "Mamaia"]
[Date "2021.10.03"]
[Round "2.2"]
[White "Marin, Mihail"]
[Black "Musat, Adrian"]
[Result "1-0"]
[WhiteElo "2493"]
[BlackElo "2387"]
[PlyCount "127"]
[EventDate "2021.10.02"]
[EventType "team-tourn"]
[EventRounds "11"]
[EventCountry "ROU"]
[SourceTitle "CBM 204 Extra"]
[Source "ChessBase"]
[SourceDate "2021.11.30"]
[SourceVersion "1"]
[SourceVersionDate "2021.11.30"]
[SourceQuality "1"]
[WhiteTeam "Timisoara Vest Univ"]
[BlackTeam "Craiova Oltenia"]
[WhiteTeamCountry "ROU"]
[BlackTeamCountry "ROU"]

1. d4 d5 2. Nf3 Nf6 3. g3 c5 4. Bg2 cxd4 5. 0-0 h6 6. b3 Nbd7 7. Qxd4 e6 8. Bb2 Bc5 9. Qd3 0-0 10. Nbd2 b6 11. e4 Bb7 12. exd5 Bxd5 13. Rad1 Rc8 14. c4 Bc6 15. Qe2 Qe7 16. Nd4 Bxg2 17. Kxg2 e5 18. Nb5 Rfe8 19. Rfe1 a6 20. Nc3 Qe6 21. Nce4 Nxe4 22. Nxe4 Bb4 23. Bc3 Bxc3 24. Nxc3 Nf6 25. Nd5 Rc5 26. Nxf6+ Qxf6 27. Qe4 b5 28. cxb5 Rxb5 29. Rd7 Rb6 30. Red1 Rbe6 31. R1d3 Qg6 32. Qxg6 Rxg6 33. Rf3 e4 34. Rfxf7 e3 35. Rfe7 Rxe7 36. Rxe7 exf2 37. Kxf2 Rc6 38. Re2 Rc3 39. Ke1 Kf7 40. Kd2 Rf3 41. Kc2 h5 42. Kb2 g5 43. Ka3 h4 44. gxh4 gxh4 45. Kb4 Rf5 46. Re4 Rf2 47. Rxh4 Rxa2 48. Rh5 Rf2 49. h4 Kg6 50. Rc5 Kh7 51. Rc7+ Kh8 52. Ra7 Ra2 53. Kc3 Ra1 54. Kb2 Ra5 55. h5 Rxh5 56. Rxa6 Kg7 57. Re6 Kf7 58. Re3 Rb5 59. Kc3 Rb8 60. b4 Rc8+ 61. Kd4 Rb8 62. Kc5 Rc8+ 63. Kd6 Rb8 64. Re4 1-0

[Event "ROM-chT"]
[Site "Mamaia"]
[Date "2021.10.02"]
[Round "1.4"]
[White "Jianu, Vlad Cristian"]
[Black "Marin, Mihail"]
[Result "1/2-1/2"]
[WhiteElo "2537"]
[BlackElo "2493"]
[PlyCount "80"]
[EventDate "2021.10.02"]
[EventType "team-tourn"]
[EventRounds "11"]
[EventCountry "ROU"]
[SourceTitle "CBM 204 Extra"]
[Source "ChessBase"]
[SourceDate "2021.11.30"]
[SourceVersion "1"]
[SourceVersionDate "2021.11.30"]
[SourceQuality "1"]
[WhiteTeam "Iasi Politehnica"]
[BlackTeam "Timisoara Vest Univ"]
[WhiteTeamCountry "ROU"]
[BlackTeamCountry "ROU"]

1. d4 Nf6 2. Nf3 e6 3. g3 b6 4. Bg2 Bb7 5. 0-0 c5 6. dxc5 Bxc5 7. c4 0-0 8. Nc3 Be7 9. b3 a6 10. Qd2 Qc7 11. Bb2 d6 12. Rfd1 Nbd7 13. Rac1 Rac8 14. Qf4 Nc5 15. h3 Qb8 16. g4 Ba8 17. Qe3 Rfe8 18. g5 Nh5 19. h4 Bf8 20. Ne1 Bxg2 21. Nxg2 Qb7 22. b4 Nd7 23. Qe4 Qb8 24. Ne3 f5 25. gxf6 Ndxf6 26. Qf3 Qa8 27. Qxa8 Rxa8 28. Rd4 b5 29. a4 bxc4 30. Nxc4 d5 31. Ne5 Bd6 32. Nc6 e5 33. Rxd5 Nxd5 34. Nxd5 Nf4 35. Rd1 Nxe2+ 36. Kf1 Nd4 37. Bxd4 exd4 38. Nb6 Rab8 39. Nxb8 Rxb8 40. Nd5 Bxb4 1/2-1/2

[Event "Guimaraes op"]
[Site "Guimaraes"]
[Date "2021.08.28"]
[Round "7"]
[White "Marin, Mihail"]
[Black "Campora, Daniel Hugo"]
[Result "1-0"]
[WhiteElo "2510"]
[BlackElo "2401"]
[PlyCount "65"]
[EventDate "2021.08.24"]
[EventType "swiss"]
[EventRounds "9"]
[EventCountry "POR"]
[SourceTitle "CBM 204 Extra"]
[Source "ChessBase"]
[SourceDate "2021.11.30"]
[SourceVersion "1"]
[SourceVersionDate "2021.11.30"]
[SourceQuality "1"]

1. c4 e5 2. g3 f5 3. Nc3 Nf6 4. d4 d6 5. Bg2 Be7 6. Nh3 0-0 7. 0-0 Qe8 8. b3 a6 9. Ba3 Nc6 10. e3 h6 11. Nd5 Nxd5 12. cxd5 Na7 13. Bb2 Bf6 14. Qd2 g5 15. f3 Rf7 16. Nf2 Bd7 17. dxe5 dxe5 18. f4 Nb5 19. e4 exf4 20. gxf4 Bxb2 21. Qxb2 c6 22. Rae1 gxf4 23. a4 Rg7 24. Nh3 fxe4 25. Nxf4 Nd6 26. Kh1 Rg5 27. Rg1 Qf8 28. dxc6 bxc6 29. Qd2 Rd8 30. h4 Rg7 31. Nh5 Rg4 32. Bh3 Qf3+ 33. Kh2 1-0

[Event "Uppsala GM"]
[Site "Uppsala"]
[Date "2021.08.14"]
[Round "8"]
[White "Marin, Mihail"]
[Black "Hillarp Persson, Tiger"]
[Result "1/2-1/2"]
[WhiteElo "2510"]
[BlackElo "2543"]
[PlyCount "69"]
[EventDate "2021.08.09"]
[EventType "tourn"]
[EventRounds "9"]
[EventCountry "SWE"]
[EventCategory "9"]
[SourceTitle "CBM 203 Extra"]
[Source "ChessBase"]
[SourceDate "2021.09.30"]
[SourceVersion "1"]
[SourceVersionDate "2021.09.30"]
[SourceQuality "1"]

1. e4 c5 2. d3 g6 3. f4 Bg7 4. Nf3 Nc6 5. Be2 d6 6. 0-0 e6 7. c3 Nge7 8. Na3 f5 9. exf5 Nxf5 10. Qe1 Qd7 11. Ng5 h6 12. Ne4 h5 13. Bf3 0-0 14. Nc2 b6 15. Ng5 d5 16. Ne3 Nce7 17. Nxf5 Nxf5 18. h3 Bf6 19. g4 hxg4 20. hxg4 Nd6 21. Qh4 Qg7 22. Qg3 Nf7 23. Nxf7 Qxf7 24. Bd2 Bb7 25. Rae1 Rae8 26. Re2 Bg7 27. Qh4 Qf6 28. Qh3 Ba6 29. Bg2 Qd8 30. f5 exf5 31. Rxe8 Rxe8 32. gxf5 Bc8 33. Qf3 Bxf5 34. Qxd5+ Qxd5 35. Bxd5+ 1/2-1/2

[Event "Uppsala GM"]
[Site "Uppsala"]
[Date "2021.08.12"]
[Round "5"]
[White "Mirzoev, Emil"]
[Black "Marin, Mihail"]
[Result "1/2-1/2"]
[WhiteElo "2437"]
[BlackElo "2510"]
[PlyCount "63"]
[EventDate "2021.08.09"]
[EventType "tourn"]
[EventRounds "9"]
[EventCountry "SWE"]
[EventCategory "9"]
[SourceTitle "CBM 203 Extra"]
[Source "ChessBase"]
[SourceDate "2021.09.30"]
[SourceVersion "1"]
[SourceVersionDate "2021.09.30"]
[SourceQuality "1"]

1. e4 c5 2. Ne2 d6 3. g3 g6 4. Bg2 Bg7 5. 0-0 Nc6 6. c3 e5 7. Na3 Nge7 8. Nc2 d5 9. d3 0-0 10. Bg5 Be6 11. b4 cxb4 12. Nxb4 Nxb4 13. cxb4 d4 14. Qa4 a6 15. Rfc1 Qd6 16. a3 Rfc8 17. Qd1 Rxc1 18. Rxc1 Rc8 19. h4 Rxc1 20. Qxc1 f6 21. Bd2 Qc6 22. f4 Qxc1+ 23. Nxc1 Nc6 24. Kf2 Bf8 25. Bf3 Bd6 26. Bd1 Kf7 27. h5 Ke7 28. hxg6 hxg6 29. Bb3 Bxb3 30. Nxb3 Ke6 31. Kf3 Be7 32. Bc1 1/2-1/2

[Event "Uppsala GM"]
[Site "Uppsala"]
[Date "2021.08.10"]
[Round "2"]
[White "Marin, Mihail"]
[Black "Kazakouski, Valery"]
[Result "1/2-1/2"]
[WhiteElo "2510"]
[BlackElo "2499"]
[PlyCount "64"]
[EventDate "2021.08.09"]
[EventType "tourn"]
[EventRounds "9"]
[EventCountry "SWE"]
[EventCategory "9"]
[SourceTitle "CBM 203 Extra"]
[Source "ChessBase"]
[SourceDate "2021.09.30"]
[SourceVersion "1"]
[SourceVersionDate "2021.09.30"]
[SourceQuality "1"]

1. c4 Nf6 2. g3 e6 3. Bg2 d5 4. Nf3 dxc4 5. 0-0 a6 6. Qc2 Nbd7 7. a4 Rb8 8. Qxc4 b5 9. axb5 axb5 10. Qc2 c5 11. d3 Bd6 12. Nc3 0-0 13. Ng5 Bb7 14. Nge4 Nxe4 15. Nxe4 Qb6 16. Be3 f5 17. Ng5 Bxg2 18. Kxg2 Be7 19. Nf3 Qc6 20. Kg1 e5 21. Ra7 f4 22. Bd2 Qd5 23. Bc3 fxg3 24. hxg3 Bd8 25. Qb1 Bb6 26. Qa2 c4 27. dxc4 bxc4 28. Rxd7 Qxd7 29. Qxc4+ Kh8 30. Nxe5 Qh3 31. Qg4 Qxg4 32. Nxg4 Rbe8 1/2-1/2

[Event "EU-Cup Online Gr-A"]
[Site "Tornelo INT"]
[Date "2021.03.28"]
[Round "5.3"]
[White "Marin, Mihail"]
[Black "Ferster, Fabian"]
[Result "1-0"]
[WhiteElo "2502"]
[BlackElo "2149"]
[PlyCount "149"]
[EventDate "2021.03.27"]
[EventType "team-tourn (rapid)"]
[EventRounds "9"]
[EventCountry "NET"]
[SourceTitle "CBM 201 Extra"]
[Source "ChessBase"]
[SourceDate "2021.05.31"]
[SourceVersion "1"]
[SourceVersionDate "2021.05.31"]
[SourceQuality "1"]
[WhiteTeam "La Garde du Roi"]
[BlackTeam "Triesen"]
[WhiteTeamCountry "BEL"]
[BlackTeamCountry "LIE"]

1. d4 Nf6 2. Nf3 g6 3. g3 Bg7 4. Bg2 0-0 5. 0-0 d5 6. Nbd2 c6 7. c4 Re8 8. b3 Bg4 9. h3 Bxf3 10. Nxf3 Nbd7 11. Bb2 a5 12. Qc2 a4 13. Rab1 axb3 14. axb3 Ra2 15. Ra1 Rxa1 16. Rxa1 Qb6 17. e3 Ne4 18. Ne1 e5 19. dxe5 Nxe5 20. cxd5 cxd5 21. Bd4 Qc6 22. Qb2 f6 23. Rc1 Qd7 24. Rd1 Qb5 25. Bf1 Qb4 26. Nd3 Qd6 27. Bg2 Nc6 28. Nf4 Nxd4 29. Qxd4 f5 30. Qxd5+ Qxd5 31. Nxd5 Ra8 32. Bxe4 fxe4 33. Nc7 Rc8 34. Rd7 Be5 35. Nd5 Rc5 36. Nf4 Bxf4 37. gxf4 Rb5 38. Rd4 Rxb3 39. Rxe4 Rb1+ 40. Kg2 Kf7 41. Rc4 h5 42. Rc7+ Kf6 43. h4 b5 44. Rb7 b4 45. Kf3 b3 46. Rb6+ Kf7 47. Ke4 b2 48. Ke5 Kg7 49. Rb7+ Kh6 50. Kf6 Rh1 51. Rxb2 Rxh4 52. Rb8 Kh7 53. f5 gxf5 54. Kxf5 Rh2 55. f4 h4 56. Kg4 h3 57. Re8 Kg6 58. Rh8 Rg2+ 59. Kxh3 Re2 60. Re8 Kf7 61. Re5 Kf6 62. Kg3 Re1 63. Kf3 Rf1+ 64. Ke4 Rd1 65. Rd5 Ra1 66. Rd6+ Ke7 67. Rb6 Ra3 68. f5 Kf7 69. Kf4 Ke7 70. e4 Ra4 71. f6+ Kf7 72. Kf5 Ra5+ 73. e5 Ra1 74. Rb7+ Kf8 75. Rb8+ 1-0

[Event "EU-Cup Online Gr-A"]
[Site "Tornelo INT"]
[Date "2021.03.28"]
[Round "8.3"]
[White "Marin, Mihail"]
[Black "Vovk, Orest"]
[Result "1-0"]
[WhiteElo "2502"]
[BlackElo "2315"]
[PlyCount "81"]
[EventDate "2021.03.27"]
[EventType "team-tourn (rapid)"]
[EventRounds "9"]
[EventCountry "NET"]
[SourceTitle "CBM 201 Extra"]
[Source "ChessBase"]
[SourceDate "2021.05.31"]
[SourceVersion "1"]
[SourceVersionDate "2021.05.31"]
[SourceQuality "1"]
[WhiteTeam "La Garde du Roi"]
[BlackTeam "Green Chess"]
[WhiteTeamCountry "BEL"]
[BlackTeamCountry "UKR"]

1. d4 h6 2. e4 g5 3. Bd3 Bg7 4. c3 d6 5. Ne2 c6 6. Ng3 Nf6 7. h4 g4 8. h5 e5 9. Na3 b5 10. Nc2 Bb7 11. Ne3 Nbd7 12. Nxg4 Nxg4 13. Qxg4 Qf6 14. Nf5 Bf8 15. 0-0 0-0-0 16. a4 b4 17. a5 a6 18. Qe2 Nb8 19. Be3 Rg8 20. cxb4 d5 21. exd5 Rxd5 22. dxe5 Rxe5 23. Ng3 Bxb4 24. Bd4 Rxe2 25. Bxf6 Rd2 26. Bf5+ Nd7 27. Rad1 Kc7 28. Rxd2 Nxf6 29. Re2 c5 30. Re7+ Kb8 31. Rxf7 Ne8 32. Rd1 Nc7 33. Be4 Bc8 34. Nf5 Be6 35. Rf6 c4 36. Nd4 Bd7 37. Rf7 Ba4 38. Rc1 Rg4 39. Rxc4 Rxe4 40. Rxb4+ Kc8 41. Rxa4 1-0

[Event "EU-Cup Online Gr-A"]
[Site "Tornelo INT"]
[Date "2021.03.27"]
[Round "4.3"]
[White "Timofeev, Artyom"]
[Black "Marin, Mihail"]
[Result "1/2-1/2"]
[WhiteElo "2594"]
[BlackElo "2502"]
[PlyCount "153"]
[EventDate "2021.03.27"]
[EventType "team-tourn (rapid)"]
[EventRounds "9"]
[EventCountry "NET"]
[SourceTitle "CBM 201 Extra"]
[Source "ChessBase"]
[SourceDate "2021.05.31"]
[SourceVersion "1"]
[SourceVersionDate "2021.05.31"]
[SourceQuality "1"]
[WhiteTeam "Kazan Ladya"]
[BlackTeam "La Garde du Roi"]
[WhiteTeamCountry "RUS"]
[BlackTeamCountry "BEL"]

1. d4 Nf6 2. c4 e6 3. e3 b6 4. Bd3 Bb7 5. Nf3 Be7 6. Nc3 d5 7. 0-0 0-0 8. cxd5 exd5 9. Ne5 c5 10. Bd2 Nc6 11. Nxc6 Bxc6 12. dxc5 bxc5 13. Rc1 Qb6 14. b3 Rad8 15. Qc2 Rfe8 16. Rfd1 Qb7 17. Bf1 d4 18. Na4 d3 19. Qc4 Ne4 20. Nc3 Bf8 21. Nxe4 Rxe4 22. Qc3 Rg4 23. g3 Bf3 24. Re1 Qd5 25. Qa5 Rd7 26. Qb5 Rh4 27. Rc4 Rxc4 28. bxc4 Qe6 29. e4 a6 30. Qb3 g5 31. Bxg5 Qg4 32. Bd2 Bxe4 33. Bg2 Bxg2 34. Kxg2 Qd4 35. Qc3 Qxc3 36. Bxc3 f5 37. Bd2 Bg7 38. Kf3 Kf7 39. Rb1 Be5 40. Ke3 Bd4+ 41. Kxd3 Bxf2+ 42. Ke2 Bd4 43. Bf4 Bc3 44. Rb3 Re7+ 45. Kd3 Bd4 46. Rb6 Re1 47. Rxa6 Rd1+ 48. Ke2 Rg1 49. h4 Rg2+ 50. Kd3 Bf2 51. Ra7+ Kg6 52. Be5 Kh6 53. Rg7 f4 54. g4 Bxh4 55. Rg8 Bg5 56. Bg7+ Kg6 57. Be5+ Kh6 58. Ke4 Rxg4 59. Kf5 Rg3 60. a4 Kh5 61. a5 h6 62. a6 Ra3 63. Bxf4 Bxf4 64. Kxf4 Rxa6 65. Rc8 Rf6+ 66. Ke5 Kg5 67. Rxc5 Rf5+ 68. Kd6 Rxc5 69. Kxc5 h5 70. Kb6 h4 71. c5 h3 72. c6 h2 73. c7 h1Q 74. c8Q Qb1+ 75. Kc7 Qc2+ 76. Kb8 Qxc8+ 77. Kxc8 1/2-1/2